Most played surprise songs at The Eras Tour - Statistics

General Stats
  • This quiz has been taken 51 times
  • The average score is 7 of 10
Answer Stats
Album Answer # % Correct
Midnights You're on Your Own, Kid 11x
93%
Midnights Maroon 10x
88%
1989 Out Of The Woods 7x
79%
reputation Getaway Car 5x
77%
Red Red 5x
74%
folklore exile 5x
72%
1989 Clean 6x
70%
1989 Is It Over Now 5x
67%
Lover Death By a Thousand Cuts 6x
60%
Speak Now Haunted 5x
58%
No matching quizzes found
Score Distribution
Percent of People with Each Score
Percentile by Number Answered
Your Score History
You have not taken this quiz